000
00295nam a2200145Ia 4500
100
_a
Sharma/Robin
650
_a
General
942
_c
BK
366
_f
20
245
_a
MONK WHO SOLD HIS FERRARI
260
_b
Jaico
_a
Mumbai
_c
2013
082
_a
30.34/SHA
300
_a
183
546
_a
ENGLISH
999
_c
30611
_d
30611